000 00746cab a2200229 4500
001 ##L135646
008 061121n2006 000 0 eng u
035 _a(Sirsi) u135646
041 0 _aeng
100 1 _aBarrett, Claer
245 0 0 _aRegional
_bWest End
260 _c2006
490 0 _aProperty Week
_v71(45) 10 November 2006, 79-97(10)
520 _aConsiders DTZ's takeover of Hodnett Martin Smith, Soho's leisure market, and the West End's office and investment markets. Includes news and deals from around the area.
590 _aKA
651 4 _aWEST END OF LONDON
651 4 _aSOHO
690 _aPROPERTY-COMMERCIAL PROPERTY-COMMERCIAL PROPERTY MARKET
700 1 _aGoldie, Anna
700 1 _aHodgekiss, Anna
942 _n0
999 _c77963
_d77963